000 01163cam a2200277 4500
002 7831
008 040510n2003 000 0 eng u
020 _a0922154783
035 _a(Sirsi) u126153
041 _aeng
050 _a333.3320973
_c18
100 _aGimmy, Arthur E.
245 _aAnalysis and valuation of golf courses and country clubs
260 _aChicago
_bAppraisal Institute
_c2003
300 _axvii, 183p.
_c26cm.
350 _a35
520 _aThis American text will help appraisers and other analysts describe and classify golf courses, understand current industry trends, identify and analyse golf markets and estimate property value, considering all appropriate techniques and the contribution of non-realty assets. Covers municipal, daily fee and private courses and discusses the income capitalisation approach and the sales comparison approach. Appendix and glossary.
650 _aCOUNTRY CLUBS
650 _aGOLF COURSES
650 _aUNITED STATES
650 _aVALUATION TECHNIQUES
650 _aLEISURE PROPERTY
690 _aPROPERTY-PROPERTY APPRAISAL AND VALUATION
700 _aJohnson, Buddie
942 _n0
999 _c103573
_d103573